The prelude, or, Growth of a poet's mind : (Record no. 21240)
[ view plain ]
| 000 -LEADER | |
|---|---|
| fixed length control field | 00794nam a2200265u 4500 |
| 001 - CONTROL NUMBER | |
| control field | 21240 |
| 003 - CONTROL NUMBER IDENTIFIER | |
| rucl marc code | BD-RjUL |
| 005 - DATE AND TIME OF LATEST TRANSACTION | |
| control field | 20211209000650.0 |
| 008 - FIXED-LENGTH DATA ELEMENTS--GENERAL INFORMATION | |
| fixed length control field | 140303s19531805enk 001 paeng |
| 035 ## - SYSTEM CONTROL NUMBER | |
| System control number | (BD-RjUL) |
| 040 ## - CATALOGING SOURCE | |
| Original cataloging agency | DLC |
| Transcribing agency | CarP |
| Modifying agency | DLC |
| -- | BD-RjUL |
| Language of cataloging | eng |
| 041 ## - LANGUAGE CODE | |
| Language code of text/sound track or separate title | eng |
| 082 ## - DEWEY DECIMAL CLASSIFICATION NUMBER | |
| Classification number | 821.7 |
| Author mark and year | WOP 1953 |
| 100 1# - MAIN ENTRY--PERSONAL NAME | |
| Personal name | Wordsworth, William, |
| Dates associated with a name | 1770-1850. |
| 9 (RLIN) | 65668 |
| 245 14 - TITLE STATEMENT | |
| Title | The prelude, or, Growth of a poet's mind : |
| Remainder of title | an autobiographical poem / |
| Statement of responsibility, etc. | William Wordsworth. |
| 260 ## - PUBLICATION, DISTRIBUTION, ETC. (IMPRINT) | |
| Place of publication, distribution, etc. | London : |
| Name of publisher, distributor, etc. | E. Moxon, |
| Date of publication, distribution, etc. | 1953. |
| 300 ## - PHYSICAL DESCRIPTION | |
| Pagination | xxxix, 327 p. ; |
| Size | 23 cm. |
| 504 ## - BIBLIOGRAPHY, ETC. NOTE | |
| Bibliography, etc | Includes index. |
| 650 #0 - SUBJECT ADDED ENTRY--TOPICAL TERM | |
| Topical term or geographic name as entry element | Poetry |
| General subdivision | Authorship |
| Form subdivision | Poetry. |
| 9 (RLIN) | 55608 |
| Topical term or geographic name as entry element | Poets |
| General subdivision | Psychology |
| Form subdivision | Poetry. |
| 9 (RLIN) | 55609 |
| 942 ## - ADDED ENTRY ELEMENTS (KOHA) | |
| Source of classification or shelving scheme | Dewey Decimal Classification |
| Koha item type | Books |
| Lost status | Source of classification or shelving scheme | Damaged status | Not for loan | Collection code | Permanent Location | Current Location | Shelving location | Date acquired | Source of acquisition | Cost, normal purchase price | Total Checkouts | Full call number | Date last seen | Copy number | Koha item type |
|---|---|---|---|---|---|---|---|---|---|---|---|---|---|---|---|
| Dewey Decimal Classification | Added to bundle | Fiction | Central Library, University of Rajshahi | Central Library, University of Rajshahi | Reading Room | 19/02/1955 | Court H. st | 5.15 | 821.7 WOP 1953 | 03/03/2014 | C-1 | Books |